Catálogo
 En Linea

Los bosques de la República Dominicana : (Registro nro. 32574)

Detalles MARC
000 -CABECERA
campo de control de longitud fija 00649nam a2200145 a 4500
001 - NÚMERO DE CONTROL
campo de control 000033083
005 - FECHA Y HORA DE LA ÚLTIMA TRANSACCIÓN
campo de control 20200930070021.0
008 - DATOS DE LONGITUD FIJA--INFORMACIÓN GENERAL
campo de control de longitud fija 110817s1925 dr bc 000 0 spa d
040 ## - FUENTE DE LA CATALOGACIÓN
Centro catalogador/agencia de origen DO-SdBNP
Lengua de catalogación spa
Centro/agencia transcriptor BNPHU
110 1# - ENTRADA PRINCIPAL--NOMBRE DE ENTIDAD CORPORATIVA
Nombre de entidad corporativa o nombre de jurisdicción como elemento de entrada República Dominicana
Unidad subordinada Departamento de Agricultura é Inmigración
9 (RLIN) 58764
245 14 - MENCIÓN DE TÍTULO
Título Los bosques de la República Dominicana :
Resto del título reproducido del The geographical review, vol. XII, abril, 1922 No. 2.
260 ## - PUBLICACIÓN, DISTRIBUCIÓN, ETC.
Lugar de publicación, distribución, etc. Santo Domingo, :
Nombre del editor, distribuidor, etc. Agricultura é Inmigración
-- Oficina del secretario de estado,
Fecha de publicación, distribución, etc. 1925.
300 ## - DESCRIPCIÓN FÍSICA
Extensión 18 p. :
Otras características físicas mapa, retrs. ;
Dimensiones 26 cm.
590 ## - NOTA LOCAL (RLIN)
Nota local Perteneció a la biblioteca personal de Carlos Larrazábal Blanco
Existencias
Estado de retiro Estado de pérdida Restricciones de uso No para préstamo Código de colección Localización permanente Ubicación/localización actual Ubicación en estantería Fecha de adquisición Número de inventario Total de préstamos Signatura topográfica completa Código de barras Fecha visto por última vez Precio válido a partir de Tipo de ítem Koha Nota pública
      Excluido de préstamo Raros y valiosos Patrimonio Dominicano Patrimonio Dominicano Depósito 17.08.2011 LF1   33083-10 25.06.2020 25.06.2020 No se presta Perteneció a la biblioteca personal de Carlos Larrazabal Blanco.

Con tecnología Koha